Geography and History of Spain on a Map - Statistics

General Stats
  • This quiz has been taken 700 times
  • The average score is 37 of 100
Answers on the Map
Answers color-coded by a green-red scale on the quiz's map according to % correct below.
 
Answer Stats
Answer % Correct
Madrid
97%
Barcelona
96%
Valencia
91%
Seville
90%
Catalonia
89%
Andalusia
83%
Pyrenees
82%
Basque Country
80%
Málaga
77%
Zaragoza
75%
Palma de Mallorca
70%
Strait of Gibraltar
70%
Pablo Picasso
69%
Murcia
66%
Melilla
63%
Santiago de Compostela
63%
Hernán Cortés
61%
Alicante
60%
Navarre
60%
Rafael Nadal
59%
Toledo
59%
Castilla–La Mancha
58%
Paella
58%
Santander
58%
A Coruña
57%
Miguel de Cervantes
57%
Alhambra
56%
Antoni Gaudí
56%
Castile and León
55%
Las Palmas de Gran Canaria
55%
Guggenheim Museum Bilbao
54%
Ebro River
53%
Asturias
52%
Gazpacho
52%
Tagus River
52%
Valladolid
51%
Sangria
48%
Felipe VI
47%
Churro
46%
Charles V
43%
Jamón
43%
Girona
42%
Antonio Banderas
41%
Battle of Trafalgar
41%
Camp Nou
38%
Cartagena
35%
Francisco Goya
35%
Sierra Nevada
35%
Teide
35%
Fernando Alonso
34%
Diego Velázquez
33%
Museo del Prado
31%
Santa Cruz de Tenerife
30%
Alboran Sea
28%
Battle of Salamanca
28%
Trajan
28%
El Cid
27%
Pedro Almodóvar
27%
Segovia
27%
Sergio Ramos
26%
Mérida
25%
Burgos Cathedral
24%
Logroño
24%
Huesca
22%
Manchego
21%
Ronda
21%
Vicente del Bosque
21%
Cuenca
20%
Carlos Sainz Sr.
19%
Guadiana River
19%
Mulhacén
18%
Battle of Teruel
17%
Cathedral of Our Lady of the Assumption
17%
Alexander VI
16%
Aneto
16%
Marc Márquez
16%
Battle of Vitoria
15%
Cave of Altamira
13%
Alberto Contador
12%
Chicharrón
12%
Mariano Rajoy
12%
Picos de Europa National Park
11%
Tower of Hercules
11%
Juan Sebastián Elcano
10%
Rosalía
10%
Santiago Ramón y Cajal
10%
Battle of Las Navas de Tolosa
9%
City of Arts and Sciences
9%
Siege of the Alcázar
8%
Siege of Saguntum
7%
Benito Pérez Galdós
6%
Casa Batlló
6%
Albarracín
5%
Aljafería
3%
Battle of Roncevaux Pass
3%
Beach of La Concha
3%
Battle of Ilipa
2%
Battle of Sagrajas
2%
Naveta d'Es Tudons
2%
Perdido
2%
No matching quizzes found
Score Distribution
Percent of People with Each Score
Percentile by Number Answered
Your Score History
You have not taken this quiz